Culture générale - Quiz #23 - Statistiques

Statistiques générales
  • Ce quiz a été pris 89 536 fois
  • Le résultat moyen est 13 sur 20
Statistiques - réponses
Question Réponse % Correct
Quel est l'animal terrestre le plus rapide ? Le guépard
92%
Combien font : 6 + 5 x 4 + 3 x 2 + 1 ? 33
90%
Quel jeu télévisé français, se déroulant dans une forteresse marine de Charente-Maritime, a été adapté dans près de 35 pays ? Fort Boyard
90%
Quel est le seul pays à abriter des pandas géants à l'état sauvage ? La Chine
90%
Dans quel pays produit-on traditionnellement du vin Porto ? Le Portugal
89%
Si après un coup gagnant vous passez de 15 à 30 points, à quel sport jouez-vous ? Le tennis
89%
Selon l'adage, quelle ville ne s'est pas faite en un jour ? Rome
84%
Quel condiment vert est fréquemment servi avec des sushis ? Du wasabi
76%
Qui a été le premier président issu de la gauche de la Ve République ? François Mitterrand
73%
Quel est le principal élément présent dans l'atmosphère terrestre ? L'azote
73%
Complétez cette célèbre phrase issue de la publicité du Loto : "C'est le jeu ma pauvre..." Lucette
70%
Qui réside au 55, rue du Faubourg-Saint-Honoré à Paris ? Le Président de la République Française
59%
Avec le javelot, le disque et le poids, quel est l'autre engin de lancer en athlétisme ? Le marteau
58%
De quel grand fleuve le Missouri est-il le principal affluent ? Le Mississippi
58%
Quelle île française est parfois appelée "Matnik" par les gens qui y vivent ? La Martinique
54%
Quel nom porte la spécialité médicale ayant pour sujet les personnes âgées ? {Géria}trie
53%
Qui est le Seigneur des Anneaux ? Sauron
42%
Quel pays d'Asie a été baptisé en l'honneur d'un roi d'Espagne ? Philippines
34%
À part Jérusalem, quelle autre ville sainte mentionnée dans la Bible commence par "Jer" ? Jéricho
31%
En hommage à quelle actrice Elton John a-t-il composé "Candle in the Wind" ? Marilyn Monroe
29%
Aucun quiz correspondant
Distribution des résultats
% des personnes avec chaque résultat
Percentile par nombre de réponses
Votre historique - résultats
Vous n’avez pas pris ce quiz